<?xml version="1.0" encoding="UTF-8"?>
<record
    xmlns:xsi="http://www.w3.org/2001/XMLSchema-instance"
    xsi:schemaLocation="http://www.loc.gov/MARC21/slim http://www.loc.gov/standards/marcxml/schema/MARC21slim.xsd"
    xmlns="http://www.loc.gov/MARC21/slim">

  <leader>00587nam a2200217Ia 4500</leader>
  <controlfield tag="001">7101</controlfield>
  <controlfield tag="003">GE_BSU</controlfield>
  <controlfield tag="008">181216s||||||||xx |||||||||||||| ||und||</controlfield>
  <datafield tag="040" ind1=" " ind2=" ">
    <subfield code="c">GE_BSU</subfield>
  </datafield>
  <datafield tag="080" ind1=" " ind2=" ">
    <subfield code="a">517.951</subfield>
  </datafield>
  <datafield tag="100" ind1=" " ind2=" ">
    <subfield code="a">&#x410;&#x445;&#x438;&#x435;&#x437;&#x435;&#x440;,&#x41D;.&#x418;.</subfield>
  </datafield>
  <datafield tag="245" ind1=" " ind2=" ">
    <subfield code="a">&#x41B;&#x435;&#x43A;&#x446;&#x438;&#x438; &#x43F;&#x43E; &#x442;&#x435;&#x43E;&#x440;&#x438;&#x438; &#x430;&#x43F;&#x440;&#x43E;&#x43A;&#x441;&#x438;&#x43C;&#x430;&#x446;&#x438;&#x438;</subfield>
  </datafield>
  <datafield tag="245" ind1=" " ind2=" ">
    <subfield code="c">&#x440;&#x435;&#x434;.&#x414;.&#x410;.&#x420;&#x430;&#x439;&#x43A;&#x43E;&#x432;</subfield>
  </datafield>
  <datafield tag="260" ind1=" " ind2=" ">
    <subfield code="a">&#x41C;-&#x41B;</subfield>
  </datafield>
  <datafield tag="260" ind1=" " ind2=" ">
    <subfield code="b">&#x413;&#x43E;&#x441;&#x442;&#x435;&#x445;&#x438;&#x437;&#x434;&#x430;&#x442;</subfield>
  </datafield>
  <datafield tag="260" ind1=" " ind2=" ">
    <subfield code="c">1947</subfield>
  </datafield>
  <datafield tag="300" ind1=" " ind2=" ">
    <subfield code="a">323&#x441;&#x442;&#x440;.</subfield>
  </datafield>
  <datafield tag="300" ind1=" " ind2=" ">
    <subfield code="e">&#x411;&#x438;&#x431;&#x43B;&#x438;&#x43E;&#x433;&#x440; &#x441;&#x442;&#x440;.322</subfield>
  </datafield>
  <datafield tag="653" ind1=" " ind2=" ">
    <subfield code="a">&#x41B;&#x435;&#x43A;&#x446;&#x438;&#x438; &#x43F;&#x43E; &#x442;&#x435;&#x43E;&#x440;&#x438;&#x438; &#x430;&#x43F;&#x440;&#x43E;&#x43A;&#x441;&#x438;&#x43C;&#x430;&#x446;&#x438;&#x438;</subfield>
  </datafield>
  <datafield tag="942" ind1=" " ind2=" ">
    <subfield code="c">BK</subfield>
  </datafield>
  <datafield tag="999" ind1=" " ind2=" ">
    <subfield code="c">40490</subfield>
    <subfield code="d">40490</subfield>
  </datafield>
  <datafield tag="952" ind1=" " ind2=" ">
    <subfield code="0">0</subfield>
    <subfield code="1">0</subfield>
    <subfield code="4">0</subfield>
    <subfield code="7">0</subfield>
    <subfield code="9">45327</subfield>
    <subfield code="d">2018-12-17</subfield>
    <subfield code="p">17368</subfield>
    <subfield code="r">2018-12-17</subfield>
    <subfield code="w">2018-12-17</subfield>
    <subfield code="y">BK</subfield>
  </datafield>
</record>
